[Event "GER-chT U12"]
[Site "Magdeburg"]
[Date "2023.12.27"]
[Round "2.4"]
[White "Berndt, Ronson"]
[Black "Vu, Khoi Nguyen"]
[Result "1-0"]
[WhiteElo "1615"]
[BlackElo "1599"]
[PlyCount "62"]
[EventDate "2023.12.26"]
[EventType "team-swiss"]
[EventRounds "7"]
[EventCountry "GER"]
[SourceTitle "CBM 218 Extra"]
[Source "ChessBase"]
[SourceDate "2024.03.31"]
[SourceVersion "1"]
[SourceVersionDate "2024.03.31"]
[SourceQuality "1"]
[WhiteTeam "Lichtenberg Borussia"]
[BlackTeam "Oberschoeneweide"]
[WhiteTeamCountry "GER"]
[BlackTeamCountry "GER"]

1. e4 e5 2. Nf3 Nc6 3. Nc3 Nf6 4. Bb5 Bb4 5. 0-0 0-0 6. d3 d6 7. h3 h6 8. Ne2 Ne7 9. a3 Bc5 10. Bc4 Ng6 11. Ng3 c6 12. b4 Bb6 13. Bb3 Be6 14. Bxe6 fxe6 15. Re1 Qc7 16. c4 a5 17. Bd2 c5 18. b5 a4 19. Rb1 Ba5 20. Ne2 Nh5 21. Bxa5 Qxa5 22. Qc2 Nhf4 23. Nc3 Nxh3+ 24. gxh3 Rxf3 25. b6 Raf8 26. Re2 Nf4 27. Rd2 Nxh3+ 28. Kg2 Qa8 29. Rh1 Qd8 30. Rxh3 Qg5+ 31. Rg3 Qf5 1-0